000 00777nas a2200241 454500
001 39079
005 20260407193510.0
008 260407s1997####ag###########|||spa#d
003 AR-UNSa-BCEJYS
040 _aAR-UNSa-BCEJYS
_bspa
_cAR-UNSa-BCEJYS
080 _a070
_xPeriódicos. La prensa. Periodismo
245 1 0 _aMercosur en el NOA
264 1 _aSan Salvador de Jujuy :
_bCENIR
_c1997
310 _aFrecuencia: Quincenario
041 _aspa
942 _cSER
590 _aniveau_biblio:s niveau_hierar:1
100 1 _aCentro de Estudios de Negocios Internacionales y Regionales (CENIR)
650 _aPeríodico
650 _aECONOMIA
650 _aMERCOSUR
856 4 1 _uhttps://biblioeco.unsa.edu.ar/pmb/images/revistas/diarioMercosur.jpg
_yImagen de portada
_qimage/jpeg
999 _c8827
_d8827